000 00259nam a2200097Ia 4500
001 686739
005 20250826161542.0
008 250824s9999 xx 000 0 und d
245 0 _aÇakıcı nın İlk Kurşunu
_cSABAHATTİN ALİ
260 _bYAPI KREDİ YAYINLARI
999 _c686739
_d686739